[Event "OLNN 1718 Lübecker SV - Schachfreunde S"]
[Site "?"]
[Date "2018.01.21"]
[Round "5.4"]
[White "Schmidt, Harald"]
[Black "Wolf, Christoph"]
[Result "1-0"]
[WhiteElo "2356"]
[BlackElo "2200"]
[PlyCount "73"]
[EventDate "2018.??.??"]

1. Nf3 c5 2. g3 Nc6 3. d4 cxd4 4. Nxd4 g6 5. Bg2 Bg7 6. Nxc6 bxc6 7. c4 Nf6 8.
Nc3 O-O 9. O-O Qa5 10. Bd2 Qh5 11. e4 Qxd1 12. Raxd1 Ne8 13. Rfe1 Rb8 14. b3 d6
15. e5 Bxe5 16. Bxc6 Nc7 17. Kg2 Bb7 18. Bxb7 Rxb7 19. c5 Bxc3 20. Bxc3 Nb5 21.
Bb4 dxc5 22. Bxc5 Re8 23. Rd3 e6 24. a4 Rc8 25. b4 Nc7 26. Rd7 Rcb8 27. b5 Nd5
28. Rxb7 Rxb7 29. Bd4 Rc7 30. a5 Kf8 31. a6 Ne7 32. Rd1 Ke8 33. Kf3 Rd7 34. Ke2
Nf5 35. Bf6 Nd6 36. b6 axb6 37. Rxd6 1-0

[Event "OLNN 1718 Lübecker SV - Schachfreunde S"]
[Site "?"]
[Date "2018.01.21"]
[Round "5.5"]
[White "Reichmann, Hendrik"]
[Black "Christ, Ralf"]
[Result "1/2-1/2"]
[WhiteElo "2333"]
[BlackElo "2262"]
[PlyCount "53"]
[EventDate "2018.??.??"]

1. c4 Nf6 2. g3 g6 3. Bg2 d5 4. cxd5 Nxd5 5. Nc3 Nb6 6. e3 Bg7 7. Nge2 O-O 8.
O-O e5 9. b3 Nc6 10. Ba3 Re8 11. Rc1 a5 12. Nb5 Bg4 13. h3 Bf5 14. d4 exd4 15.
Nexd4 Bxd4 16. exd4 Be6 17. Qd2 Bd5 18. Rc5 Rc8 19. Bb2 Qd7 20. Rfc1 Bxg2 21.
Kxg2 Nd5 22. Qg5 Nce7 23. Nc3 Nxc3 24. R1xc3 b6 25. Re5 c6 26. Qc1 Nd5 27. Rf3
1/2-1/2

[Event "OLNN 1718 Lübecker SV - Schachfreunde S"]
[Site "?"]
[Date "2018.01.21"]
[Round "5.6"]
[White "Lampe, Dirk"]
[Black "Rittemann, Steffen"]
[Result "1/2-1/2"]
[WhiteElo "2202"]
[BlackElo "2162"]
[PlyCount "32"]
[EventDate "2018.??.??"]

1. e4 c5 2. Nf3 d6 3. d4 cxd4 4. Nxd4 Nf6 5. Nc3 a6 6. Be2 e5 7. Nb3 Be7 8. O-O
O-O 9. Qd3 Be6 10. Nd5 Bxd5 11. exd5 Nbd7 12. Rd1 Rc8 13. c4 Ne8 14. Bg4 e4 15.
Qh3 Nef6 16. Be2 Ne5 1/2-1/2

[Event "OLNN 1718 Lübecker SV - Schachfreunde S"]
[Site "?"]
[Date "2018.01.21"]
[Round "5.7"]
[White "Grahl, Arvid"]
[Black "Svane, Frederik"]
[Result "1-0"]
[WhiteElo "2198"]
[BlackElo "2229"]
[PlyCount "87"]
[EventDate "2018.??.??"]

1. d4 d5 2. c4 c6 3. Nf3 Nf6 4. Qc2 e6 5. Bg5 Be7 6. e3 Nbd7 7. Nc3 O-O 8. a3
b6 9. cxd5 cxd5 10. Bd3 Bb7 11. O-O Rc8 12. Rac1 a6 13. a4 h6 14. Bh4 Ne8 15.
Bg3 Bd6 16. Qe2 Bxg3 17. hxg3 Nc7 18. Rc2 Nb8 19. Ne5 a5 20. Rfc1 Nc6 21. Nxc6
Bxc6 22. Nb5 Nxb5 23. Bxb5 Bb7 24. Rxc8 Bxc8 25. Qc2 Bd7 26. Qc7 Bxb5 27. axb5
Qxc7 28. Rxc7 Rb8 29. Kf1 g6 30. Ke2 h5 31. f3 Kg7 32. e4 a4 33. Rc6 Kf8 34.
Ke3 Ke7 35. Kf4 Rb7 36. exd5 exd5 37. Ke5 Ra7 38. Rxb6 a3 39. bxa3 Rxa3 40.
Rb7+ Ke8 41. Kd6 Kf8 42. Rb8+ Kg7 43. b6 Ra2 44. Rd8 1-0

[Event "OLNN 1718 Lübecker SV - Schachfreunde S"]
[Site "?"]
[Date "2018.01.21"]
[Round "5.8"]
[White "Poghosyan, Tigran"]
[Black "Heinsohn, Wilfried"]
[Result "1/2-1/2"]
[WhiteElo "2211"]
[BlackElo "2173"]
[PlyCount "33"]
[EventDate "2018.??.??"]

1. e4 c5 2. Nf3 Nc6 3. d4 cxd4 4. Nxd4 e5 5. Nb5 a6 6. Nd6+ Bxd6 7. Qxd6 Qe7 8.
Qd1 Nf6 9. Nc3 d6 10. Be2 Be6 11. Be3 O-O 12. O-O Rac8 13. Bb6 Nd7 14. Be3 Nf6
15. Bb6 Nd7 16. Be3 Nf6 17. Bb6 1/2-1/2

[Event "OLNN 1718 Preetzer TSV - SV Bargteheide"]
[Site "?"]
[Date "2018.01.21"]
[Round "5.1"]
[White "Fries-Nielsen, Jens Ove"]
[Black "Pedersen, Steffen"]
[Result "1/2-1/2"]
[WhiteElo "2336"]
[BlackElo "2359"]
[PlyCount "21"]
[EventDate "2018.??.??"]

1. e4 g6 2. d4 Bg7 3. Nc3 d6 4. Nf3 a6 5. a4 Nf6 6. h3 Nc6 7. Be3 O-O 8. d5 Na7
9. Be2 c5 10. O-O Bd7 11. e5 1/2-1/2

[Event "OLNN 1718 Preetzer TSV - SV Bargteheide"]
[Site "?"]
[Date "2018.01.21"]
[Round "5.2"]
[White "Schwarz, Frank"]
[Black "Light, Bjarne"]
[Result "1-0"]
[WhiteElo "2243"]
[BlackElo "2239"]
[PlyCount "55"]
[EventDate "2018.??.??"]

1. c4 c5 2. g3 g6 3. Bg2 Bg7 4. Nc3 Nc6 5. a3 d6 6. e3 e6 7. Nge2 Nge7 8. Rb1
d5 9. O-O O-O 10. d3 b6 11. b4 cxb4 12. axb4 Bb7 13. cxd5 exd5 14. d4 a5 15. b5
Nb4 16. Ba3 Qd7 17. Bxb4 axb4 18. Rxb4 Rfc8 19. Qb3 Bf8 20. Nf4 Rd8 21. Ra4 g5
22. Nd3 Qe6 23. Rfa1 Rxa4 24. Rxa4 Nf5 25. Ra7 Ba8 26. Ne5 Be7 27. Nxf7 Nxd4
28. Nxd8 1-0

[Event "OLNN 1718 Preetzer TSV - SV Bargteheide"]
[Site "?"]
[Date "2018.01.21"]
[Round "5.3"]
[White "Wolter, Jens"]
[Black "Reinecker, Kai"]
[Result "1/2-1/2"]
[WhiteElo "2175"]
[BlackElo "2243"]
[PlyCount "22"]
[EventDate "2018.??.??"]

1. e4 e5 2. Nf3 Nf6 3. Nxe5 d6 4. Nf3 Nxe4 5. Bd3 Nc5 6. Be2 Be7 7. O-O d5 8.
d4 Ne4 9. c4 O-O 10. Nc3 Nxc3 11. bxc3 Be6 1/2-1/2

[Event "OLNN 1718 Preetzer TSV - SV Bargteheide"]
[Site "?"]
[Date "2018.01.21"]
[Round "5.4"]
[White "Junge, Kai"]
[Black "Wollenweber, Carsten"]
[Result "1-0"]
[WhiteElo "2205"]
[BlackElo "2080"]
[PlyCount "83"]
[EventDate "2018.??.??"]

1. Nf3 Nf6 2. g3 c6 3. Bg2 d6 4. d4 Nbd7 5. O-O e5 6. c4 Qc7 7. Nc3 Be7 8. e4
h6 9. h3 g5 10. b3 Nf8 11. dxe5 dxe5 12. Ne1 Bd7 13. Be3 O-O-O 14. Qc2 Kb8 15.
Nd3 Ne6 16. Rfd1 Bc8 17. b4 Nd7 18. c5 h5 19. Rac1 h4 20. Qa4 hxg3 21. fxg3 a6
22. Qc2 Nd4 23. Qf2 Bf6 24. Nb2 Rh6 25. Nc4 Nf8 26. h4 Nfe6 27. Nb6 Rg6 28. h5
Rh6 29. Ncd5 cxd5 30. exd5 Qe7 31. Nxc8 Rxc8 32. dxe6 fxe6 33. g4 Rhh8 34. Qb2
Rhd8 35. a4 Qd7 36. Qa2 Rc7 37. Qc4 Qc8 38. Be4 Rcd7 39. b5 axb5 40. axb5 Nxb5
41. Rxd7 Qxd7 42. c6 1-0

[Event "OLNN 1718 Preetzer TSV - SV Bargteheide"]
[Site "?"]
[Date "2018.01.21"]
[Round "5.5"]
[White "zum Felde, Michael"]
[Black "Schwarzat, Julian"]
[Result "1/2-1/2"]
[WhiteElo "2130"]
[BlackElo "2102"]
[PlyCount "95"]
[EventDate "2018.??.??"]

1. d4 e6 2. Nf3 Nf6 3. Nc3 d5 4. Bg5 Be7 5. e3 O-O 6. Bd3 b6 7. Ne2 Ba6 8. Ng3
Bxd3 9. Qxd3 Nbd7 10. O-O c5 11. c4 cxd4 12. exd4 dxc4 13. Qxc4 h6 14. Bxf6
Nxf6 15. Rac1 Bd6 16. Qa6 Qd7 17. Rc2 Nd5 18. a3 Bf4 19. Ne2 Rfc8 20. Rxc8+
Qxc8 21. Qd3 Qb7 22. Qe4 Bd6 23. Rc1 Rc8 24. Qb1 Rc6 25. Rxc6 Qxc6 26. Qc1
Qxc1+ 27. Nxc1 f6 28. Kf1 Kf7 29. g3 Ke7 30. Ke2 Kd7 31. Kd3 Kc6 32. Ne2 Be7
33. Nd2 g5 34. h3 Kb5 35. Nc3+ Nxc3 36. Kxc3 Kc6 37. Kc4 h5 38. f3 f5 39. g4
b5+ 40. Kd3 hxg4 41. hxg4 Kd5 42. Nf1 f4 43. Nd2 a5 44. Ne4 b4 45. a4 Bd8 46.
Nd2 Bb6 47. b3 Bd8 48. Ne4 1/2-1/2

[Event "OLNN 1718 Preetzer TSV - SV Bargteheide"]
[Site "?"]
[Date "2018.01.21"]
[Round "5.6"]
[White "Hamann, Carsten"]
[Black "Porth, Hartmut"]
[Result "1-0"]
[WhiteElo "2110"]
[BlackElo "2091"]
[PlyCount "85"]
[EventDate "2018.??.??"]

1. e4 e6 2. d4 d5 3. Nc3 Nc6 4. e5 Na5 5. a3 c5 6. dxc5 Nc6 7. Nf3 Bxc5 8. Bd3
f6 9. Qe2 fxe5 10. Nxe5 Nf6 11. Bb5 Qc7 12. Bf4 Bd6 13. O-O O-O 14. Rfe1 Nd4
15. Qd2 Nh5 16. Qxd4 Rxf4 17. Qd1 Bxe5 18. Qxh5 Rf5 19. Qh3 g6 20. Be2 Bd4 21.
Rf1 Bxc3 22. bxc3 Bd7 23. Bg4 Rf6 24. Rae1 Re8 25. Re3 Qd6 26. Rfe1 Kg7 27. Qh4
Qxa3 28. Rh3 Rh8 29. Qh6+ Kf7 30. Qe3 b6 31. Qe5 Qc5 32. Ree3 d4 33. cxd4 Qxe5
34. dxe5 Rf4 35. Be2 h5 36. Rc3 Ra4 37. g4 Ra1+ 38. Kg2 Rc8 39. gxh5 g5 40. h6
Rh8 41. Rc7 Ke8 42. Rd3 Rh7 43. Rdxd7 1-0

[Event "OLNN 1718 Preetzer TSV - SV Bargteheide"]
[Site "?"]
[Date "2018.01.21"]
[Round "5.7"]
[White "Peterwitz, Klaus"]
[Black "Kornrumpf, Joachim"]
[Result "1/2-1/2"]
[WhiteElo "2078"]
[BlackElo "2058"]
[PlyCount "248"]
[EventDate "2018.??.??"]

1. Nf3 c5 2. g3 b6 3. Bg2 Bb7 4. O-O Nf6 5. c4 e6 6. Nc3 Be7 7. Re1 d6 8. e4 a6
9. d4 cxd4 10. Nxd4 Qc7 11. Be3 O-O 12. Rc1 Re8 13. f4 Nbd7 14. Bf2 Bf8 15. Qe2
g6 16. Nc2 Rac8 17. Ne3 Qb8 18. Nf1 Qa8 19. Nd2 Bc6 20. b4 Bb7 21. Bh3 Qb8 22.
Bg2 Nh5 23. Bf3 Ng7 24. Qd3 Rcd8 25. Qb1 f5 26. exf5 gxf5 27. Qb3 Bxf3 28. Nxf3
Be7 29. Nd4 Qc8 30. Nd1 Nf8 31. Nf3 Qb7 32. Nb2 Bf6 33. Na4 b5 34. Nb6 bxc4 35.
Nxc4 Kh8 36. Na5 Qa8 37. Rc6 Rc8 38. Rec1 d5 39. Qc2 Rxc6 40. Qxc6 Bb2 41. Rc2
Bf6 42. Nb3 Kg8 43. a3 Ng6 44. Bd4 Bxd4+ 45. Nfxd4 e5 46. fxe5 Nxe5 47. Qxa8
Rxa8 48. Rc5 Nc4 49. Nc2 Rd8 50. Nbd4 Rd6 51. Rc7 h6 52. Kf2 Ne6 53. Rc8+ Rd8
54. Rxd8+ Nxd8 55. Nxf5 Kh7 56. Nfe3 Nb6 57. Nd4 Kg6 58. Nb3 Nc6 59. Nc5 Nb8
60. a4 d4 61. Nc2 d3 62. Ne3 Nc6 63. a5 Nc8 64. Nxa6 Nd6 65. Nc5 Nxb4 66. a6
Nb5 67. Ke1 h5 68. Kd2 Kf6 69. Nd1 Ke5 70. Nc3 Na7 71. Ke3 Kd6 72. N3e4+ Ke7
73. Nxd3 Nxa6 74. Kf4 Nc6 75. Kg5 Nc7 76. Nf4 Kf7 77. Kxh5 Ne8 78. g4 Ne5 79.
Kh4 Ng7 80. h3 Nf3+ 81. Kg3 Ne5 82. h4 Nd7 83. h5 Ne8 84. g5 Ng7 85. g6+ Kg8
86. Kg4 Ne5+ 87. Kg5 Nxh5 88. Kxh5 Nxg6 89. Kxg6 Kf8 90. Kf6 Ke8 91. Nc5 Kd8
92. Nd5 Ke8 93. Ke6 Kd8 94. Nd7 Ke8 95. N5f6+ Kd8 96. Kd6 Kc8 97. Nc5 Kd8 98.
Nb7+ Kc8 99. Kc6 Kb8 100. Nd7+ Kc8 101. Ndc5 Kb8 102. Nd7+ Kc8 103. Nb6+ Kb8
104. Nc5 Ka7 105. Nbd7 Ka8 106. Kc7 Ka7 107. Nb8 Ka8 108. Nba6 Ka7 109. Nb4 Ka8
110. Na4 Ka7 111. Nc5 Ka8 112. Kb6 Kb8 113. Kc6 Ka7 114. Kc7 Ka8 115. Nc2 Ka7
116. Nd4 Ka8 117. Na6 Ka7 118. Nb4 Ka8 119. Ne6 Ka7 120. Nc5 Ka8 121. Nba6 Ka7
122. Nb4 Ka8 123. Nd5 Ka7 124. Nb4 Ka8 1/2-1/2

[Event "OLNN 1718 Preetzer TSV - SV Bargteheide"]
[Site "?"]
[Date "2018.01.21"]
[Round "5.8"]
[White "Dittmann, Hans-Adolf"]
[Black "Thanisch, Matthias"]
[Result "1/2-1/2"]
[WhiteElo "2080"]
[BlackElo "2032"]
[PlyCount "85"]
[EventDate "2018.??.??"]

1. e4 c6 2. Nc3 d5 3. Nf3 dxe4 4. Nxe4 Bg4 5. Bc4 e6 6. h3 Bh5 7. Ng3 Bxf3 8.
Qxf3 Nf6 9. c3 Nbd7 10. d4 Be7 11. O-O O-O 12. Re1 Re8 13. a4 Nf8 14. a5 a6 15.
Bg5 N8d7 16. b4 h6 17. Bd2 Qc7 18. Bf4 Bd6 19. Bxd6 Qxd6 20. Rac1 Rad8 21. Rc2
Nf8 22. Rce2 Ng6 23. Ne4 Nxe4 24. Rxe4 Re7 25. h4 Kh8 26. g3 Rde8 27. h5 Nf8
28. Qe2 Nh7 29. Kg2 Nf6 30. Re5 Nd7 31. Re3 Nf6 32. Ba2 Kg8 33. Qf3 Qd7 34. Re5
Nh7 35. Bb1 Nf6 36. Qd3 Kf8 37. Rc5 Qd6 38. Re3 Rd7 39. Qe2 Rde7 40. Qf3 Kg8
41. Rce5 Nd7 42. R5e4 Nf6 43. Re5 1/2-1/2

[Event "OLNN 1718 Schachfreunde Hamburg - SC Di"]
[Site "?"]
[Date "2018.02.04"]
[Round "6.1"]
[White "Schulenburg, Fabian"]
[Black "Sawatzki, Frank"]
[Result "1/2-1/2"]
[WhiteElo "2244"]
[BlackElo "2394"]
[PlyCount "65"]
[EventDate "2018.??.??"]

1. e4 c5 2. Nf3 e6 3. b3 a6 4. Bb2 Nc6 5. g3 d5 6. exd5 exd5 7. Bg2 Qe7+ 8. Qe2
Qxe2+ 9. Kxe2 Bf5 10. d3 O-O-O 11. Re1 f6 12. Nbd2 Nb4 13. Rec1 Re8+ 14. Kd1
Nh6 15. h3 Bxd3 16. cxd3 Nxd3 17. Bd4 Kb8 18. Rc3 Nb2+ 19. Kc2 cxd4 20. Nxd4
Bb4 21. Kxb2 Bxc3+ 22. Kxc3 Re5 23. Nf1 Rhe8 24. Kd2 Nf5 25. Nxf5 Rxf5 26. f4
d4 27. Re1 Rxe1 28. Kxe1 Ra5 29. a4 Rc5 30. g4 Rc3 31. Nd2 Re3+ 32. Kf2 Kc7 33.
h4 1/2-1/2

[Event "OLNN 1718 Schachfreunde Hamburg - SC Di"]
[Site "?"]
[Date "2018.02.04"]
[Round "6.2"]
[White "Bokelbrink, Uwe"]
[Black "Korba, Roman"]
[Result "1-0"]
[WhiteElo "2284"]
[BlackElo "2157"]
[PlyCount "63"]
[EventDate "2018.??.??"]

1. e4 e6 2. b3 d5 3. Bb2 dxe4 4. Nc3 Nf6 5. Qe2 Be7 6. O-O-O O-O 7. Nxe4 a5 8.
a4 Nbd7 9. Nf3 c6 10. Nxf6+ Bxf6 11. d4 b5 12. axb5 cxb5 13. Qe4 Rb8 14. Bd3 g6
15. h4 Bb7 16. Qe2 b4 17. h5 Bd5 18. Ne5 a4 19. bxa4 b3 20. c4 Nxe5 21. dxe5
Bg5+ 22. Kb1 Qa5 23. f4 Bxf4 24. Rh4 g5 25. Rxf4 gxf4 26. h6 Kh8 27. Qg4 Rg8
28. Qxf4 Rxg2 29. Qxf7 Be4 30. Qf6+ Kg8 31. Qxe6+ Kh8 32. Bxe4 1-0

[Event "OLNN 1718 Schachfreunde Hamburg - SC Di"]
[Site "?"]
[Date "2018.02.04"]
[Round "6.3"]
[White "Schulenburg, Torben"]
[Black "Hermesmann, Hans"]
[Result "0-1"]
[WhiteElo "2185"]
[BlackElo "2242"]
[PlyCount "83"]
[EventDate "2018.??.??"]

1. d4 e6 2. Nf3 c5 3. g3 cxd4 4. Nxd4 Nc6 5. Bg2 Bc5 6. Nb3 Be7 7. c4 d6 8. O-O
Nf6 9. Nd4 Qc7 10. Nc3 a6 11. b3 Bd7 12. a4 O-O 13. Bb2 Rac8 14. e4 Rfd8 15.
Rc1 Qb6 16. Nxc6 bxc6 17. c5 dxc5 18. Nb1 Be8 19. Nd2 Rb8 20. Qe2 Rd7 21. Rc3
Qd8 22. Nc4 Rd4 23. Re3 Nd7 24. e5 Nb6 25. Nxb6 Rd2 26. Qc4 Qxb6 27. Ba3 Ra2
28. Qc1 Rd8 29. Be4 Rad2 30. Qc3 R2d4 31. Kg2 Qa7 32. Rc1 c4 33. bxc4 Bxa3 34.
Qxa3 c5 35. Bf3 Qc7 36. a5 Bc6 37. Bxc6 Qxc6+ 38. Kg1 Rd1+ 39. Re1 R1d3 40. Rc3
Rd1 41. Rc1 R1d2 42. Qb3 0-1

[Event "OLNN 1718 Schachfreunde Hamburg - SC Di"]
[Site "?"]
[Date "2018.02.04"]
[Round "6.4"]
[White "Ritscher, Jan-Paul"]
[Black "Gottuk, Stefan"]
[Result "1-0"]
[WhiteElo "2200"]
[BlackElo "2180"]
[PlyCount "39"]
[EventDate "2018.??.??"]

1. d4 f5 2. g3 Nf6 3. Bg2 g6 4. Nf3 Bg7 5. O-O O-O 6. b4 Nc6 7. b5 Na5 8. Qd3
d5 9. Bf4 a6 10. a4 Ne4 11. Nbd2 Nxd2 12. Nxd2 b6 13. c4 dxc4 14. Nxc4 Ra7 15.
Nxa5 bxa5 16. Qc4+ Kh8 17. Rfd1 Rf6 18. Rac1 Rd6 19. Bxd6 exd6 20. b6 1-0

[Event "OLNN 1718 Schachfreunde Hamburg - SC Di"]
[Site "?"]
[Date "2018.02.04"]
[Round "6.5"]
[White "Laqua, Christian"]
[Black "Kluenger, Marc"]
[Result "1/2-1/2"]
[WhiteElo "2129"]
[BlackElo "2198"]
[PlyCount "30"]
[EventDate "2018.??.??"]

1. c4 e6 2. Nf3 d5 3. d4 dxc4 4. e3 Nf6 5. Bxc4 a6 6. a4 c5 7. Nc3 Nc6 8. O-O
Be7 9. Qe2 O-O 10. Rd1 Qc7 11. e4 cxd4 12. Nxd4 Nxd4 13. Rxd4 e5 14. Rd1 Bc5
15. h3 h6 1/2-1/2

[Event "OLNN 1718 Schachfreunde Hamburg - SC Di"]
[Site "?"]
[Date "2018.02.04"]
[Round "6.6"]
[White "Zimmermann, Martin"]
[Black "Woelk, Tom-Frederic"]
[Result "1/2-1/2"]
[WhiteElo "2137"]
[BlackElo "2117"]
[PlyCount "101"]
[EventDate "2018.??.??"]

1. d4 Nf6 2. Nf3 c5 3. e3 g6 4. Be2 Bg7 5. O-O O-O 6. Nbd2 b6 7. b3 Bb7 8. Bb2
Nc6 9. c4 cxd4 10. Nxd4 Nxd4 11. Bxd4 Rc8 12. Bf3 Qc7 13. Rc1 d6 14. Qe2 e5 15.
Bxb7 Qxb7 16. Bb2 Rfe8 17. Nf3 e4 18. Nd4 d5 19. Nb5 Red8 20. Rfd1 Ne8 21. Bxg7
Nxg7 22. h3 Ne6 23. Rc2 a6 24. cxd5 Nc5 25. Nc3 f5 26. Rd4 b5 27. d6 Rc6 28.
Nd5 Rcxd6 29. Nf6+ Kf7 30. Rxd6 Rxd6 31. Rxc5 Rxf6 32. Qc2 Kg8 33. Qc3 Qb6 34.
Rc8+ Kg7 35. Qe5 Qd6 36. Rc7+ Kh6 37. Qc3 f4 38. exf4 Qxf4 39. Qc1 Qxc1+ 40.
Rxc1 Kg5 41. Rc5+ Rf5 42. Rc6 a5 43. Ra6 b4 44. g3 Rc5 45. Kg2 Kf5 46. Ra8 Ke5
47. Ra7 h5 48. Ra6 Kf5 49. h4 Re5 50. Kf1 Rc5 51. Kg2 1/2-1/2

[Event "OLNN 1718 Schachfreunde Hamburg - SC Di"]
[Site "?"]
[Date "2018.02.04"]
[Round "6.7"]
[White "Schoenwolff, Kai"]
[Black "Jaeckle, Marco"]
[Result "0-1"]
[WhiteElo "2012"]
[BlackElo "2234"]
[PlyCount "84"]
[EventDate "2018.??.??"]

1. Nc3 Nc6 2. d4 d5 3. Bg5 f6 4. Bh4 e5 5. e3 exd4 6. exd4 Bb4 7. Bb5 Nge7 8.
Nge2 Nf5 9. Bg3 O-O 10. O-O Nce7 11. a3 Nxg3 12. fxg3 Bd6 13. Bd3 c6 14. Qd2
Be6 15. Rae1 Bf7 16. Nd1 Qd7 17. Ne3 Rae8 18. Nf4 Bc7 19. c3 Bxf4 20. Rxf4 Bg6
21. Ref1 Bxd3 22. Qxd3 Ng6 23. R4f3 Re4 24. h4 h6 25. c4 Qe6 26. cxd5 cxd5 27.
Nf5 Rf7 28. Qb5 Kh7 29. Qc5 Re2 30. b4 b6 31. Qc3 Re4 32. Qd3 Ne7 33. g4 Nxf5
34. gxf5 Qe8 35. Qb3 Rxd4 36. g3 Re7 37. Qc3 Rde4 38. Rd3 Re3 39. Rfd1 Re1+ 40.
Rxe1 Rxe1+ 41. Kh2 Qe2+ 42. Kh3 Rh1# 0-1

[Event "OLNN 1718 Schachfreunde Hamburg - SC Di"]
[Site "?"]
[Date "2018.02.04"]
[Round "6.8"]
[White "Dietz, Juergen"]
[Black "Apitzsch, Leon Fabian"]
[Result "1/2-1/2"]
[WhiteElo "2163"]
[BlackElo "1974"]
[PlyCount "75"]
[EventDate "2018.??.??"]

1. f4 d5 2. Nf3 Nf6 3. g3 g6 4. Bg2 Bg7 5. O-O O-O 6. d3 c5 7. c3 Nc6 8. Na3
Re8 9. Nh4 e5 10. f5 Ne7 11. e4 dxe4 12. dxe4 Qxd1 13. Rxd1 Bd7 14. Nc4 Bc6 15.
fxg6 hxg6 16. Na5 Rad8 17. Bg5 b6 18. Nxc6 Nxc6 19. Bf3 Rxd1+ 20. Rxd1 Nh7 21.
Be3 Bf6 22. Ng2 Ng5 23. Ne1 Nxf3+ 24. Nxf3 Rd8 25. Rxd8+ Nxd8 26. Kf2 Kf8 27.
Ke2 Nb7 28. Kd3 Nd6 29. Nd2 Ke7 30. a4 Kd7 31. b4 cxb4 32. cxb4 Nb7 33. h4 Kd6
34. Bf2 Be7 35. g4 Ke6 36. Kc4 Nd6+ 37. Kb3 Bf8 38. Be3 1/2-1/2

[Event "OLNN 1718 SV Bargteheide - Johanneum Ep"]
[Site "?"]
[Date "2018.02.04"]
[Round "6.1"]
[White "Zart, Ruediger"]
[Black "Fries-Nielsen, Jens Ove"]
[Result "0-1"]
[WhiteElo "2227"]
[BlackElo "2349"]
[PlyCount "124"]
[EventDate "2018.??.??"]

1. e4 g6 2. d4 Bg7 3. Nc3 Nc6 4. Nf3 d6 5. h3 a6 6. Be2 Nf6 7. O-O O-O 8. d5
Na7 9. a4 c5 10. Bf4 b6 11. e5 Ne8 12. Re1 Bb7 13. Qd2 Nc7 14. exd6 exd6 15.
Bh6 b5 16. Bxg7 Kxg7 17. Qf4 b4 18. Ne4 Nc8 19. c4 bxc3 20. Nxc3 Bxd5 21. Qd2
Bxf3 22. Bxf3 Rb8 23. Bg4 f5 24. Bf3 Qf6 25. Rad1 Rf7 26. Re2 Rb4 27. Rde1 Nb6
28. Qc2 a5 29. Bc6 d5 30. Be8 Nxe8 31. Rxe8 f4 32. R1e6 Qf5 33. Qe2 f3 34. Qxf3
Qxf3 35. gxf3 Rxb2 36. Rc6 d4 37. Ne4 c4 38. Ree6 c3 39. Kg2 Nd5 40. Red6 Nf4+
41. Kh2 c2 42. Rxd4 Ne2 43. Rdc4 c1=Q 44. Rxc1 Nxc1 45. Rxc1 Rxf3 46. Rc7+ Rf7
47. Rc5 Rf4 48. Ng5 Rxa4 49. Rc7+ Kf6 50. Nxh7+ Ke5 51. Kg3 Ra1 52. h4 a4 53.
Nf8 a3 54. Nxg6+ Kf6 55. Rc6+ Kg7 56. Ne5 a2 57. Rg6+ Kh7 58. Ra6 Rg1+ 59. Kh3
a1=Q 60. Rxa1 Rxa1 61. f3 Re2 62. Ng4 Rg1 0-1

[Event "OLNN 1718 SV Bargteheide - Johanneum Ep"]
[Site "?"]
[Date "2018.02.04"]
[Round "6.2"]
[White "Light, Bjarne"]
[Black "Schroeder, Christoph"]
[Result "0-1"]
[WhiteElo "2199"]
[BlackElo "2213"]
[PlyCount "84"]
[EventDate "2018.??.??"]

1. d4 e6 2. Bf4 d5 3. e3 Nf6 4. c3 Bd6 5. Bg3 O-O 6. Nf3 c5 7. Nbd2 Nc6 8. Bb5
Ne7 9. Bd3 cxd4 10. exd4 b6 11. Ne5 Bb7 12. Qb1 a5 13. Bh4 Ng6 14. Nxg6 hxg6
15. Nf3 Ba6 16. a4 Bxd3 17. Qxd3 Qd7 18. Bg3 Ne4 19. Bxd6 Nxd6 20. h4 Ne4 21.
Ne5 Qe8 22. f3 Nf6 23. h5 gxh5 24. g4 g6 25. gxh5 Nxh5 26. Rxh5 gxh5 27. Kd2 f5
28. Qe3 Ra7 29. Rg1+ Rg7 30. Rxg7+ Kxg7 31. Qg5+ Kh7 32. Nd3 Rg8 33. Qh4 Qg6
34. Nf4 Qg5 35. Qh2 h4 36. Kc2 Qg3 37. Qd2 Qxf3 38. Kb3 Rg1 39. Qh2 Rh1 40.
Nxe6 Qd1+ 41. Qc2 Qxc2+ 42. Kxc2 h3 0-1

[Event "OLNN 1718 SV Bargteheide - Johanneum Ep"]
[Site "?"]
[Date "2018.02.04"]
[Round "6.3"]
[White "Behrhorst, Frank"]
[Black "Wolter, Jens"]
[Result "1-0"]
[WhiteElo "2243"]
[BlackElo "2158"]
[PlyCount "119"]
[EventDate "2018.??.??"]

1. d4 Nf6 2. c4 g6 3. f3 c5 4. d5 d6 5. Nc3 Bg7 6. e4 a6 7. a4 b6 8. Bg5 h6 9.
Be3 O-O 10. Qd2 Kh7 11. Bd3 Ng8 12. g4 e5 13. Nge2 Nd7 14. Ng3 Re8 15. h4 Nf8
16. Kf2 Bd7 17. h5 g5 18. a5 bxa5 19. Nce2 Qb6 20. Qxa5 Reb8 21. Rhb1 Qxa5 22.
Rxa5 Bf6 23. Bd2 Bd8 24. Ra3 Ne7 25. Bc2 Bc8 26. Ba4 Nd7 27. Bxd7 Bxd7 28. Bc3
Kg8 29. Rba1 Bc8 30. Nc1 Kf8 31. Nd3 Ke8 32. Ke2 Rb6 33. Kd2 Kd7 34. Nf1 Bc7
35. Ne3 Rbb8 36. Kc2 Bb6 37. Nf5 Nxf5 38. exf5 f6 39. Nf2 Bd8 40. Ne4 Ke7 41.
Ra4 Ra7 42. b4 Bb6 43. b5 Rba8 44. bxa6 Rxa6 45. Rxa6 Rxa6 46. Rxa6 Bxa6 47.
Kb3 Bc7 48. Nd2 Bc8 49. Ka4 Bd7+ 50. Ka3 Bc8 51. Nb3 Ba6 52. Ba5 Bb8 53. Nd2
Bc8 54. Bb6 Ba6 55. Ka4 Kd7 56. Ka5 Bc8 57. Kb5 Bb7 58. Ne4 Ke7 59. Ba5 Ba8 60.
Ka6 1-0

[Event "OLNN 1718 SV Bargteheide - Johanneum Ep"]
[Site "?"]
[Date "2018.02.04"]
[Round "6.4"]
[White "Wollenweber, Carsten"]
[Black "Wenzel, Birger"]
[Result "1-0"]
[WhiteElo "2073"]
[BlackElo "2100"]
[PlyCount "43"]
[EventDate "2018.??.??"]

1. e4 d6 2. d4 Nf6 3. Nc3 e5 4. Nf3 Nbd7 5. Bc4 Be7 6. h3 c6 7. a4 a5 8. Be3
O-O 9. Ba2 h6 10. g4 exd4 11. Nxd4 Nc5 12. Qf3 Qb6 13. O-O-O Qb4 14. Nf5 Bxf5
15. Rd4 Qb6 16. gxf5 Kh7 17. Rg1 Ne8 18. e5 dxe5 19. Rdg4 Qd8 20. f6 Bxf6 21.
Bxc5 Bg5+ 22. Rxg5 1-0

[Event "OLNN 1718 SV Bargteheide - Johanneum Ep"]
[Site "?"]
[Date "2018.02.04"]
[Round "6.5"]
[White "Schueler, Hendrik"]
[Black "zum Felde, Michael"]
[Result "0-1"]
[WhiteElo "2136"]
[BlackElo "2128"]
[PlyCount "112"]
[EventDate "2018.??.??"]

1. d4 Nf6 2. c4 e6 3. g3 d5 4. Nf3 Bb4+ 5. Bd2 Be7 6. Bg2 O-O 7. O-O c6 8. Qc2
Nbd7 9. Rc1 Ne4 10. Be1 Bd6 11. Nbd2 f5 12. Rab1 Qf6 13. b4 g5 14. e3 Qh6 15.
b5 g4 16. bxc6 bxc6 17. Nh4 Ba3 18. Rd1 Be7 19. cxd5 exd5 20. Rdc1 Bxh4 21.
gxh4 Rf6 22. Qa4 Nf8 23. Qb3 Bd7 24. Nxe4 fxe4 25. Bxe4 Re8 26. Bg2 Qxh4 27. e4
Ne6 28. Qg3 Qxg3 29. hxg3 dxe4 30. Bxe4 Nxd4 31. Bd3 Bf5 32. Rc3 Nf3+ 33. Kf1
Rh6 34. Bc4+ Kf8 35. Rxf3 gxf3 36. Bb4+ Kg7 37. Bc3+ Kg6 38. Kg1 Kh5 39. Bf7+
Kg4 40. Bxe8 Bxb1 41. Bg7 Rd6 42. Bf7 Kh3 43. Bb3 Bxa2 44. Be5 Rd7 45. Bc2 Bb1
46. Bb3 Bf5 47. Bc3 Rb7 48. Ba2 c5 49. Bf6 Rb6 50. Be5 c4 51. g4 Bd3 52. g5 Ra6
53. g6 hxg6 54. Kh1 Rxa2 55. Bh2 Ra1+ 56. Bg1 Bf1 0-1

[Event "OLNN 1718 SV Bargteheide - Johanneum Ep"]
[Site "?"]
[Date "2018.02.04"]
[Round "6.6"]
[White "Porth, Hartmut"]
[Black "Wirthgen, Peter"]
[Result "1-0"]
[WhiteElo "2116"]
[BlackElo "2065"]
[PlyCount "119"]
[EventDate "2018.??.??"]

1. d4 d5 2. Bf4 Nf6 3. e3 e6 4. Nd2 Be7 5. c3 O-O 6. Bd3 b6 7. Ngf3 Bb7 8. Ng5
h6 9. h4 Nbd7 10. Qf3 Bd6 11. Bc2 Qe7 12. O-O-O e5 13. dxe5 Nxe5 14. Bxe5 Qxe5
15. Nh3 c5 16. Nc4 Qe7 17. Nxd6 Qxd6 18. Rhg1 Qe7 19. Qe2 Rad8 20. g4 Ne4 21.
g5 g6 22. h5 hxg5 23. f3 Nd6 24. hxg6 f6 25. f4 Nc4 26. e4 Bc8 27. Nf2 Kg7 28.
Rh1 Rh8 29. Rxh8 Rxh8 30. Rxd5 Rh2 31. Qxc4 Rxf2 32. f5 Rh2 33. Rd8 Rh8 34.
Rxh8 Kxh8 35. Bb3 Qe8 36. Qd3 Kg7 37. Qd5 a6 38. Kd2 Kh6 39. Qg8 Qxg8 40. Bxg8
Bd7 41. Ke3 Kg7 42. Bb3 Kh6 43. Bc2 Kg7 44. Kf3 Kh6 45. b4 cxb4 46. cxb4 a5 47.
bxa5 bxa5 48. Ke3 Kg7 49. Bd1 Bb5 50. Kd4 Bf1 51. Bg4 Bb5 52. Kc5 Bd3 53. Kd4
Bb1 54. a3 Bc2 55. e5 fxe5+ 56. Kxe5 Bd3 57. Ke6 Bc4+ 58. Ke7 Bb3 59. f6+ Kxg6
60. Be6 1-0